Т. 2: 1824-1837; Жизнь Пушкина

Detalhes bibliográficos
Parent link:Жизнь Пушкина: [В 2 т.]/ А. В. Тыркова-Вильямс. Т. 2: 1824-1837.— , 2002-.— 5-235-02465-6
Idioma:russo
Publicado em: 2002
Colecção:Жизнь замечательных людей Вып. 1011 (811)
Assuntos:
Formato: Livro
KOHA link:https://koha.lib.tpu.ru/cgi-bin/koha/opac-detail.pl?biblionumber=52195

MARC

LEADER 00000nam2a2200000 4500
001 52195
005 20231031041309.0
010 |a 5235024672 
035 |a (RuTPU)RU\TPU\book\54672 
090 |a 52195 
100 |a 20030526d2002 m y0rusy50 ca 
101 0 |a rus 
102 |a RU 
105 |a aсf z 001zb 
200 0 |a Т. 2: 1824-1837 
210 |d 2002 
215 |a 514 с.  |c ил. 
225 1 |a Жизнь замечательных людей  |v Вып. 1011 (811) 
320 |a Библиогр.: с. 505-511 
461 1 |0 (RuTPU)RU\TPU\book\57161  |y 5-235-02465-6  |t Жизнь Пушкина  |o [В 2 т.]  |f А. В. Тыркова-Вильямс  |v Т. 2: 1824-1837  |d 2002- 
600 1 |a Пушкин  |g Александр Сергеевич  |c русский писатель, поэт  |f 1799 - 1837  |b А. С.  |2 stltpui  |3 (RuTPU)RU\TPU\pers\1026 
610 1 |a литературоведение 
610 1 |a русская литература 
610 1 |a история 
610 1 |a 19 век 
675 |a 8Р1(092)Пушкин  |v 3 
801 1 |a RU  |b 63413507  |c 20030526  |g PSBO 
801 2 |a RU  |b 63413507  |c 20040620  |g PSBO 
942 |c BK